00904nab a22001937a 4500003000400000005001700004008004100021040000700062100003100069245013000100260004400230300001500274505023900289650002100528650002300549650003000572650002200602773008600624OSt20191029062726.0190509b xxu||||| |||| 00| 0 spa d cPJ aDíaz Solimine, Omar Luis10aAspectos diferenciales de la medida cautelar, la tutela anticipada y la medida autosatisfactiva /cOmar Luis Díaz Solimine. aSanta Fe :bRubinzal - Culzoni, c2014. ap. 491-546 aI. Las medidas cautelares en general. II. La tutela anticipada. III. Medida autosatisfactiva. IV. Las medidas autosatisfactivas en la jurisprudencia. V. Breve comparación: medida cautelar, tutela anticipada, medida autosatisfactiva. 0aDERECHO PROCESAL 0aMEDIDAS CAUTELARES 0aMEDIDAS AUTOSATISFACTIVAS 0aTUTELA ANTICIPADA0 02788b2a. ed. amp. y act.o6435tMedidas autosatisfactivas. Tomo Iz9789873004261